Ipswich Town F.C. Managers - Statistics

General Stats
  • This quiz has been taken 450 times
  • The average score is 15 of 19
Answer Stats
Years Manager % Correct
1969–82 Bobby Robson
97%
2021– Kieran McKenna
96%
1994–2002 George Burley
93%
1955–63 Alf Ramsey
92%
2012–18 Mick McCarthy
92%
2009–11 Roy Keane
91%
2018–21 Paul Lambert
89%
2021 Paul Cook
86%
2006–09 Jim Magilton
85%
2018 Paul Hurst
85%
2002–06 Joe Royle
83%
2011–12 Paul Jewell
81%
1990–94 John Lyall
79%
1987–90 John Duncan
70%
1937–55 Scott Duncan
70%
1982–87 Bobby Ferguson
69%
1964–68 Bill McGarry
49%
1963–64 Jackie Milburn
45%
1936–37 Mick O'Brien
15%
No matching quizzes found
Score Distribution
Percent of People with Each Score
Percentile by Number Answered
Your Score History
You have not taken this quiz